000 00617nam a2200217Ii 4500
003 JO-AjNU
008 230605s9999||||xx |||||||||||||| ||und||
017 _a1991/3182
040 _aJO-AjNU
_bara
_erda
_cJO-AjNU
041 _aara
050 1 4 _aJC143.M4.M44.1991
100 3 _aميكافيللى,
_eauthor
_917894
245 0 0 _aالامير
250 _a(د،ط)
264 3 1 _aالفجالة:مكتبة مصر ،1991
300 _a152ص
336 _atext
_btxt
_2rdacontent
337 _aunmediated
_bn
_2rdamedia
338 _avolume
_bnc
_2rdacarrier
650 4 _aعلوم سياسية -- فلسفة
_917895
999 _aA5622
_c9190
_d9190